| 000 | 00498cam a2200157ua 4500 | ||
|---|---|---|---|
| 020 | _a0 9006085 52 7 | ||
| 041 |
_aeng _h |
||
| 082 |
_a028.74621 _bSTE/PU |
||
| 100 | _aStephens, H S . | ||
| 245 |
_aPumps-The developing needs papers presented at the seventh technical conference of the Brittish pump manufactures association / _cH S Stephens. _hTextual Documents |
||
| 260 |
_a : _bBHRA fluid engineering , _c1981. |
||
| 300 | _a314 ; . | ||
| 504 | _a | ||
| 942 | _cBK | ||
| 999 |
_c10690 _d10690 |
||